<?xml version="1.0" encoding="UTF-8"?><?xml-stylesheet type="text/xsl" href="static/style.xsl"?><OAI-PMH xmlns="http://www.openarchives.org/OAI/2.0/" xmlns:xsi="http://www.w3.org/2001/XMLSchema-instance" xsi:schemaLocation="http://www.openarchives.org/OAI/2.0/ http://www.openarchives.org/OAI/2.0/OAI-PMH.xsd"><responseDate>2026-04-27T22:05:34Z</responseDate><request verb="GetRecord" identifier="oai:uvadoc.uva.es:10324/12152" metadataPrefix="marc">https://uvadoc.uva.es/oai/request</request><GetRecord><record><header><identifier>oai:uvadoc.uva.es:10324/12152</identifier><datestamp>2021-06-29T10:43:29Z</datestamp><setSpec>com_10324_38</setSpec><setSpec>col_10324_852</setSpec></header><metadata><record xmlns="http://www.loc.gov/MARC21/slim" xmlns:doc="http://www.lyncode.com/xoai" xmlns:xsi="http://www.w3.org/2001/XMLSchema-instance" xmlns:dcterms="http://purl.org/dc/terms/" xsi:schemaLocation="http://www.loc.gov/MARC21/slim http://www.loc.gov/standards/marcxml/schema/MARC21slim.xsd">
<leader>00925njm 22002777a 4500</leader>
<datafield tag="042" ind1=" " ind2=" ">
<subfield code="a">dc</subfield>
</datafield>
<datafield tag="720" ind1=" " ind2=" ">
<subfield code="a">Pardo Moreno, Jesús</subfield>
<subfield code="e">author</subfield>
</datafield>
<datafield tag="260" ind1=" " ind2=" ">
<subfield code="c">2015</subfield>
</datafield>
<datafield tag="520" ind1=" " ind2=" ">
<subfield code="a">El presente trabajo surge de la preocupación ante las nulas experiencias positivas que se generan en los alumnos al trabajar la carrera de resistencia con una metodología tradicional. Por ello, este trabajo intenta cambiar el método tradicional de la carrera de larga duración por una nueva concepción de la carrera, en la cual el rendimiento buscado con los test de condición física pierda importancia. Buscando un aprendizaje basado en el desarrollo de experiencias positivas en el alumnado y llevando a cabo una metodología comprensiva en la cual el alumno gane importancia. La motivación ante la actividad realizada juega un papel esencial. Para ello, se empleará el medio natural, la implicación de la comunidad educativa y la atención de la diversidad. Trabajando en grupos reducidos de alumnos con similares capacidades y valorando la gestión del esfuerzo y el progreso de la autonomía del alumnado. Con el objetivo de que cada alumno sea capaz de encontrar su ritmo para practicar la carrera a un grado de esfuerzo ameno.</subfield>
</datafield>
<datafield tag="024" ind2=" " ind1="8">
<subfield code="a">http://uvadoc.uva.es/handle/10324/12152</subfield>
</datafield>
<datafield ind1=" " ind2=" " tag="653">
<subfield code="a">Carreras a pie</subfield>
</datafield>
<datafield ind1=" " ind2=" " tag="653">
<subfield code="a">Educación física-Estudio y enseñanza (Primaria)</subfield>
</datafield>
<datafield ind1=" " ind2=" " tag="653">
<subfield code="a">Educación-Métodos</subfield>
</datafield>
<datafield ind1=" " ind2=" " tag="653">
<subfield code="a">Enseñanza-Trabajo en equipo</subfield>
</datafield>
<datafield tag="245" ind1="0" ind2="0">
<subfield code="a">El medio natural como motivación para la carrera de larga duración en la escuela</subfield>
</datafield>
</record></metadata></record></GetRecord></OAI-PMH>